Analýza možností podnikateľského sektora SR na využívanie finančných prostriedkov zo štrukturálnych fondov EÚ v rozpočtovom období 2007-2013 diplomová práca

Saved in:
Bibliographic Details
Main Author: Štefánik, Lukáš
Corporate Author: Národohospodárska fakulta EU. Katedra financií
Other Authors: Gertler, Ľubomíra, 1977-
Format: Book
Language:Slovak
Published: Bratislava 2009
Tags: Add Tag
No Tags, Be the first to tag this record!

MARC

LEADER 00000nam$a2200000$$$4500
001 0096859
005 20240318141216.2
041 0 |a slo 
044 |a SK 
245 1 0 |a Analýza možností podnikateľského sektora SR na využívanie finančných prostriedkov zo štrukturálnych fondov EÚ v rozpočtovom období 2007-2013  |b diplomová práca  |c Lukáš Štefánik ; škol. Ľubomíra Gertler 
264 1 |a Bratislava  |c 2009 
300 |a 63 s. 
100 1 |a Štefánik, Lukáš 
700 1 |a Gertler, Ľubomíra, 1977- 
710 2 |a Národohospodárska fakulta EU. Katedra financií